Streaming analytics : concepts, architectures, platforms, use cases and applications
In this book, the authors articulate the challenges associated with streaming data and analytics, describe data analytics algorithms and approaches, present edge and fog computing concepts and technologies and show how streaming analytics can be accomplished in edge device clouds. They also delineat...
Saved in:
| Other Authors | , , , |
|---|---|
| Format | Electronic eBook |
| Language | English |
| Published |
Stevenage :
Institution of Engineering and Technology,
2022.
|
| Series | IET computing series ;
44. |
| Subjects | |
| Online Access | Full text |
| ISBN | 1839534176 9781839534171 9781839534164 1839534168 |
| Physical Description | 1 online resource (xx, 446 pages) : illustrations. |
Cover
| LEADER | 00000cam a2200000 i 4500 | ||
|---|---|---|---|
| 001 | kn-on1343249886 | ||
| 003 | OCoLC | ||
| 005 | 20240717213016.0 | ||
| 006 | m o d | ||
| 007 | cr cn||||||||| | ||
| 008 | 220903t20222022enka ob ||1 0 eng d | ||
| 040 | |a EBLCP |b eng |e rda |c EBLCP |d UAB |d UIU |d OCLCF |d OCLCA |d N$T |d UKAHL |d OCLCO | ||
| 020 | |a 1839534176 |q (PDF) | ||
| 020 | |a 9781839534171 |q (electronic bk.) | ||
| 020 | |z 9781839534164 |q (hardback) | ||
| 020 | |z 1839534168 |q (hardback) | ||
| 035 | |a (OCoLC)1343249886 | ||
| 100 | 1 | |a Raj, Pethuru. |e editor. | |
| 245 | 1 | 0 | |a Streaming analytics : |b concepts, architectures, platforms, use cases and applications / |c edited by Pethuru Raj, Chellammal Surianarayanan, Koteeswaran Seerangan and George Ghinea. |
| 264 | 1 | |a Stevenage : |b Institution of Engineering and Technology, |c 2022. | |
| 264 | 4 | |c ©2022 | |
| 300 | |a 1 online resource (xx, 446 pages) : |b illustrations. | ||
| 336 | |a text |b txt |2 rdacontent | ||
| 337 | |a computer |b c |2 rdamedia | ||
| 338 | |a online resource |b cr |2 rdacarrier | ||
| 490 | 1 | |a IET computing series ; |v 44 | |
| 504 | |a Includes bibliographical references and index. | ||
| 506 | |a Plný text je dostupný pouze z IP adres počítačů Univerzity Tomáše Bati ve Zlíně nebo vzdáleným přístupem pro zaměstnance a studenty | ||
| 520 | |a In this book, the authors articulate the challenges associated with streaming data and analytics, describe data analytics algorithms and approaches, present edge and fog computing concepts and technologies and show how streaming analytics can be accomplished in edge device clouds. They also delineate several industry use cases. | ||
| 590 | |a Knovel |b Knovel (All titles) | ||
| 650 | 0 | |a Electronic data processing. | |
| 650 | 0 | |a Real-time data processing. | |
| 650 | 0 | |a Streaming technology (Telecommunications) | |
| 655 | 7 | |a elektronické knihy |7 fd186907 |2 czenas | |
| 655 | 9 | |a electronic books |2 eczenas | |
| 700 | 1 | |a Surianarayanan, Chellammal. |e editor. | |
| 700 | 1 | |a Seerangan, Koteeswaran. |e editor. | |
| 700 | 1 | |a Ghinea, George. |e editor. | |
| 776 | 0 | 8 | |i Print version: |a Raj, Pethuru |t Streaming Analytics |d Thorofare : Institution of Engineering & Technology,c2022 |
| 830 | 0 | |a IET computing series ; |v 44. | |
| 856 | 4 | 0 | |u https://proxy.k.utb.cz/login?url=https://app.knovel.com/hotlink/toc/id:kpSACAPUC1/streaming-analytics-concepts?kpromoter=marc |y Full text |